01014nam a2200265 a 4500003000900000005001700009008004100026020001800067040001300085100003300098245029900131250001200430260003200442300001500474500006400489650002800553650002500581650001100606650002500617650002600642650002300668650002200691653001000713653002500723AR-BaBNM20251128205903.0082120s2002 ||||||||||||||000 | spa|| a950-14-0866-3 cAR-BaBNM1 aGonzález, Ricardo O.chijo00aFlexibilización laboral y régimen de contrato de trabajob1era actualización, formación y capacitación profesional, programas de promoción de la contratación laboral, modelos de contratos, formalidades, eximición de aportes patronales y unificación de obras sociales y aportes a1ª ed. aBuenos AiresbDepalmac1996 aix, 149 p. aComplementa la obra del mismo autor y inventario no. 114052 4aFLEXIBILIZACION LABORAL 4aCONTRATOS DE TRABAJO 4aEMPLEO 4aRELACIONES LABORALES 4aNEGOCIACION COLECTIVA 4aPOLITICA DE EMPLEO 4aPOLITICA SALARIAL aPYMES aCAPACITACION LABORAL